000 00319nam a22001457a 4500
020 _a8172141564
041 _aENG
082 _a227.207
_bHAR
100 _aHargreaves John
245 _aA Guide to 1 Corinthians
260 _aDelhi
_bISPCK
_c2018
300 _a243
650 _aBible.--Corinthians, 1st
942 _cBK
999 _c22902
_d22902